| 000 | 00404nam a22001697a 4500 | ||
|---|---|---|---|
| 003 | OSt | ||
| 005 | 20211002094758.0 | ||
| 008 | 211002b |||||||| |||| 00| 0 eng d | ||
| 020 | _a9788173719462 | ||
| 040 | _cHU | ||
| 082 | _a572.8/RAY | ||
| 100 |
_aRAYAPPA _qCHANNA RAYAPPA _99259 |
||
| 245 | _aMOLECULAR BIOLOGY | ||
| 260 |
_aIndia _bUniversities Press _c2015 |
||
| 300 | _a500 | ||
| 942 |
_2ddc _cBOOKS _n0 |
||
| 999 |
_c8640 _d8640 |
||